000 00368nam a22001577a 4500
005 20180313121539.0
008 160528b xxu||||| |||| 00| 0 eng d
020 _a81-203-1223-6
041 _aeng
082 _b5581
_a332.6324
245 _aHow the Bond Market Works
260 _aNew Delhi
_bPHI,
_c1997
300 _a268
650 _aManagement
_9241
942 _cBK
999 _c1997
_d1996